000 00637nam a2200193Ia 4500
003 IN-BaIIA
008 211028s9999 xx 000 0 eng d
020 _a978-88-7438-098-5
040 _cIIA Library
080 _a53:92(082.1)
_bTHE
245 4 _aThe Legacy of Edoardo Amaldi in science and society
_bproceedings of conference held in Rome, October 23-25, 2008
_cedited by F. Ferroni
250 _a2nd ed.
260 _aBologna
_bSocieta Italiana di Fisica
_c2010
300 _ax, 503p.
650 _aEdoardo Amaldi-Biography
_934813
650 _aScientific contributions
_934814
700 _aFerroni, F. ed.
_934815
942 _cBK
999 _c18203
_d18203